| 000 | 00389nam a22001577a 4500 | ||
|---|---|---|---|
| 005 | 20250829170221.0 | ||
| 008 | 250829b |||||||| |||| 00| 0 eng d | ||
| 037 | _cTB | ||
| 040 |
_aCRL _cCRL |
||
| 084 | _qCRL | ||
| 245 | _aSiddhasramam: its ideals & Activities | ||
| 260 |
_aMadurai, India: _bSiddhasramam, |
||
| 300 | _a35p. | ||
| 942 |
_2CC _cTB _n0 |
||
| 999 |
_c1435011 _d1435011 |
||